Escuela de Ingenieros de Minas de Madrid y Laboratorio de Gómez Pardo : (Record no. 163338)

MARC details
000 -LEADER
campo de control de longitud fija 01762nam a22003135i 4500
001 - NÚMERO DE CONTROL
campo de control 163338
003 - IDENTIFICADOR DE NÚMERO DE CONTROL
campo de control ES-MaACL
005 - FECHA Y HORA DE LA ÚLTIMA TRANSACCIÓN
campo de control 20250821063102.0
008 - DATOS DE LONGITUD FIJA--INFORMACIÓN GENERAL
campo de control de longitud fija 960708s1897 sp aef |||| | spa d
100 1# - ENTRADA PRINCIPAL--NOMBRE DE PERSONA
Nombre de persona Repullés y Vargas, Enrique María,
Fechas asociadas al nombre 1845-1922
9 (RLIN) 96277
245 10 - MENCIÓN DEL TÍTULO
Título Escuela de Ingenieros de Minas de Madrid y Laboratorio de Gómez Pardo :
Resto del título proyectos y dirección del arquitecto del Ministerio de Fomento Excmo. Sr. D. Ricardo Velázquez Bosco : monografía /
Mención de responsabilidad, etc. por Don Enrique María Repullés y Vargas.
260 ## - PUBLICACIÓN, DISTRIBUCIÓN, ETC.
Lugar de publicación, distribución, etc. Madrid :
Nombre del editor, distribuidor, etc. [s.n.],
Fecha de publicación, distribución, etc. 1897 (
Fabricante Imp. del Asilo de Huérfanos)
300 ## - DESCRIPCIÓN FÍSICA
Extensión 34 p., [7] h. de lám., [3] h. de planos :
Otras características físicas il. ;
Dimensiones 32 cm.
490 1# - MENCIÓN DE SERIE
Mención de serie Biblioteca del "Resumen de arquitectura" / editada por Don Antero de Oteyza y Barinaga
530 ## - NOTA DISPONIBLE DE FORMULARIO FÍSICO ADICIONAL
Nota de formato físico adicional disponible Disponible en formato digital.
597 ## - NOTA DE DESCRIPCIÓN FÍSICA
NOTA DE DESCRIPCIÓN FÍSICA Antep.
597 ## - NOTA DE DESCRIPCIÓN FÍSICA
NOTA DE DESCRIPCIÓN FÍSICA Letras capitales.
599 ## - NOTA A LAS ILUSTRACIONES
NOTA A LAS ILUSTRACIONES Lám.: fototipias de Hauser y Menet; Ilustraciones de Mario López [Felipe Mario López Blanco]
610 24 - PUNTO DE ACCESO ADICIONAL DE MATERIA--NOMBRE DE ENTIDAD CORPORATIVA
Nombre de entidad corporativa o nombre de jurisdicción como elemento de entrada Escuela de Ingenieros de Minas (Madrid)-
Subdivisión general Edificios.
9 (RLIN) 147499
700 1# - ENTRADA AGREGADA--NOMBRE PERSONAL
Nombre de persona Velázquez Bosco, Ricardo,
Fechas asociadas al nombre 1843-1923
9 (RLIN) 113808
700 1# - ENTRADA AGREGADA--NOMBRE PERSONAL
Nombre de persona López Blanco, Felipe Mario.
9 (RLIN) 172736
700 1# - ENTRADA AGREGADA--NOMBRE PERSONAL
Nombre de persona Oteyza y Barinaga, Antero de.
9 (RLIN) 130741
710 2# - ENTRADA AGREGADA--NOMBRE DE ENTIDAD CORPORATIVA
Nombre de entidad corporativa o nombre de jurisdicción como elemento de entrada Hauser y Menet (Madrid)
9 (RLIN) 4558
830 1# - PUNTO DE ACCESO ADICIONAL DE SERIE-TÍTULO UNIFORME
Título uniforme Biblioteca del "Resumen de arquitectura" / editada por Don Antero de Oteyza y Barinaga
9 (RLIN) 188427
852 4# - LOCALIZACIÓN
Ubicación ES-MaACL
Número de control de estantería B-11447
Nota libre - Enc. tela verde, con hierros dorados
856 4# - LOCALIZACIÓN Y ACCESO ELECTRÓNICOS
Identificador Uniforme de Recursos <a href="http://bdh-rd.bne.es/viewer.vm?id=0000073288&page=1 ">http://bdh-rd.bne.es/viewer.vm?id=0000073288&page=1 </a>
Nota pública Biblioteca Digital Hispánica
856 4# - LOCALIZACIÓN Y ACCESO ELECTRÓNICOS
Identificador Uniforme de Recursos <a href="https://bibliotecavirtualmadrid.comunidad.madrid/bvmadrid_publicacion/es/consulta/registro.do?id=250">https://bibliotecavirtualmadrid.comunidad.madrid/bvmadrid_publicacion/es/consulta/registro.do?id=250</a>
Nota pública Biblioteca Digital de la Comunidad de Madrid
Holdings
Estatus retirado Estado de pérdida Estado de daño No para préstamo Colección Biblioteca de origen Biblioteca actual Ubicación en estantería Fecha de adquisición Fuente de adquisición Total de préstamos Signatura topográfica completa Código de barras Visto por última vez Precio de reemplazo Tipo de ítem Koha
        Colección digital Biblioteca del Ateneo de Madrid Biblioteca del Ateneo de Madrid Sala Pardo Bazán 17/01/2008     B-11447 1171163 23/02/2023 23/02/2023 Libro impreso antiguo